Fluid conditions of the formation of the veinlet-impregnated mineralization in the Zabolottia suite of the trap formation of the West Volyn (Ukraine)
Elmentve itt :
| Szerző: | |
|---|---|
| Testületi szerző: | |
| Dokumentumtípus: | Cikk |
| Megjelent: |
Department of Mineralogy, Geochemistry and Petrology, University of Szeged
Szeged
2014
|
| Sorozat: | Acta mineralogica-petrographica
8 Acta mineralogica-petrographica : abstract series 8 |
| Kulcsszavak: | Ásványtan - Ukrajna - előadáskivonat, Földtan - előadáskivonat |
| Tárgyszavak: | |
| Online Access: | http://acta.bibl.u-szeged.hu/44243 |
| LEADER | 01120nab a2200229 i 4500 | ||
|---|---|---|---|
| 001 | acta44243 | ||
| 005 | 20260212142149.0 | ||
| 008 | 170327s2014 hu o 000 eng d | ||
| 022 | |a 0324-6523, 1589-4835 | ||
| 040 | |a SZTE Egyetemi Kiadványok Repozitórium |b hun | ||
| 041 | |a eng | ||
| 100 | 1 | |a Nesterovych Nataliia | |
| 245 | 1 | 0 | |a Fluid conditions of the formation of the veinlet-impregnated mineralization in the Zabolottia suite of the trap formation of the West Volyn (Ukraine) |h [elektronikus dokumentum] / |c Nesterovych Nataliia |
| 260 | |a Department of Mineralogy, Geochemistry and Petrology, University of Szeged |b Szeged |c 2014 | ||
| 300 | |a 96 | ||
| 490 | 0 | |a Acta mineralogica-petrographica |v 8 | |
| 490 | 0 | |a Acta mineralogica-petrographica : abstract series |v 8 | |
| 650 | 4 | |a Természettudományok | |
| 650 | 4 | |a Föld- és kapcsolódó környezettudományok | |
| 695 | |a Ásványtan - Ukrajna - előadáskivonat, Földtan - előadáskivonat | ||
| 710 | |a International Students Geological Conference (5.) (2014) (Budapest) | ||
| 856 | 4 | 0 | |u http://acta.bibl.u-szeged.hu/44243/1/mineralogica_as_008_096.pdf |z Dokumentum-elérés |